[Event "Druzynowe Mistrzostwa Polski Szkol - Licealiada"]
[Site "Szklarska Poreba"]
[Date "1899-12-30"]
[Round "5.12"]
[White "Mytych, Wiktoria"]
[Black "Lascar, Maria Elena"]
[Result "1-0"]
[WhiteTitle "I"]
[BlackTitle "I+"]
[WhiteElo "1371"]
[BlackElo "1478"]

1. e4 c5 2. c3 d5 3. exd5 Qxd5 4. d4 e6 5. Nf3 Nc6 6. Be3 cxd4 7. Nxd4 a6 8. Nd2
e5 9. Nxc6 bxc6 10. Qb3 Qxb3 11. Nxb3 Nf6 12. Bc4 Be7 13. Na5 Bd7 14. Bb3 O-O
15. Nc4 Ng4 16. O-O Nxe3 17. Nxe3 Kh8 18. Rad1 Rad8 19. Nc4 Bf6 20. Nd6 Be8 21.
Ne4 Be7 22. Rxd8 Bxd8 23. Nd6 Kg8 24. Re1 Bf6 25. f4 Bd7 26. fxe5 Bd8 27. Rf1
Bb6+ 28. Kh1 Be6 29. Bxe6 fxe6 30. Rxf8+ Kxf8 31. g4 Be3 32. Kg2 Bc1 33. Nc4 Ke7
34. Kf3 Kd7 35. Ke4 c5 36. b3 Bg5 37. h3 Kc6 38. a4 Be7 39. Ne3 Bg5 40. c4 Kb6
41. Nc2 Be7 42. Kf4 h6 43. Ke4 Bg5 44. Ne1 Kc7 45. Nd3 Kb6 46. Kf3 Bd2 47. h4
g5 48. hxg5 Bxg5 49. Nf4 Bxf4 50. Kxf4 Ka5 51. g5 hxg5+ 52. Kxg5 Kb4 53. Kf6 Kxb3
54. Kxe6 Kxc4 55. Kd6 Kb4 56. e6 c4 57. e7 c3 58. e8=Q c2 59. Qe1+ Kb3 60. Qc1
Kxa4 61. Qxc2+ Kb4 62. Qa2 a5 63. Kd5 a4 64. Kd4 a3 65. Qc4+ Ka5 66. Kc3 Kb6 67.
Qb4+ 1-0

[Event "Druzynowe Mistrzostwa Polski Szkol - Licealiada"]
[Site "Szklarska Poreba"]
[Date "1899-12-30"]
[Round "5.13"]
[White "Kawalko, Adam"]
[Black "Bartlomowicz, Jakub"]
[Result "1-0"]
[WhiteTitle "I++"]
[BlackTitle "I"]
[WhiteElo "1607"]
[BlackElo "1439"]

1. e4 c5 2. Nf3 Nc6 3. d4 cxd4 4. Nxd4 Nf6 5. Nc3 e5 6. Ndb5 d6 7. Bg5 a6 8. Na3
b5 9. Nd5 Be7 10. Bxf6 Bxf6 11. c3 O-O 12. Nc2 Bg5 13. a4 bxa4 14. Rxa4 a5 15.
Bc4 Rb8 16. b3 Be6 17. h4 Bh6 18. g3 Kh8 19. O-O f5 20. exf5 Rxf5 21. Nde3 Rf6
22. Bxe6 Rxe6 23. Qd5 Qd7 24. Rd1 Ne7 25. Qxa5 Rxb3 26. Nd5 Nc6 27. Qa6 Rb2 28.
Ra2 Rxa2 29. Qxa2 g6 30. Nb6 Qe7 31. Qa8+ Nd8 32. Nb4 Qc7 33. N4d5 Qf7 34. Qxd8+
Re8 35. Qf6+ Qxf6 36. Nxf6 Rb8 37. Rxd6 Bf8 38. Rd7 Bg7 39. Nfd5 Kg8 40. c4 Bf8
41. Nf6+ 1-0

[Event "Druzynowe Mistrzostwa Polski Szkol - Licealiada"]
[Site "Szklarska Poreba"]
[Date "1899-12-30"]
[Round "6.1"]
[White "Skowron, Mateusz"]
[Black "Bartlomowicz, Jakub"]
[Result "1/2-1/2"]
[WhiteTitle "I"]
[BlackTitle "I"]
[WhiteElo "1555"]
[BlackElo "1439"]

1. f4 d5 2. Nf3 c5 3. e3 Nc6 4. Bb5 Bf5 5. b3 e6 6. Bxc6+ bxc6 7. Bb2 Nf6 8. d3
Be7 9. O-O O-O 10. Nbd2 Qc7 11. Qe1 a5 12. a4 Nd7 13. e4 Bg6 14. f5 Bh5 15. exd5
cxd5 16. fxe6 Nf6 17. exf7+ Bxf7 18. Qh4 Ne4 19. Qg4 Nf6 20. Qh4 Ne4 21. Qg4 Nf6
22. Qh4 1/2-1/2

[Event "Druzynowe Mistrzostwa Polski Szkol - Licealiada"]
[Site "Szklarska Poreba"]
[Date "1899-12-30"]
[Round "6.4"]
[White "Wasala, Wiktoria"]
[Black "Hryn, Aleksandra"]
[Result "1-0"]
[WhiteTitle "I"]
[BlackTitle "I+"]
[WhiteElo "1315"]
[BlackElo "1473"]

1. e4 c5 2. Nc3 a6 3. f4 d6 4. Nf3 b5 5. d3 Bb7 6. Be3 Nc6 7. d4 cxd4 8. Nxd4 Nf6
9. Bd3 g6 10. Nxc6 Bxc6 11. Nd5 Bxd5 12. exd5 Bg7 13. O-O O-O 14. Qf3 Qd7 15.
h3 Rfc8 16. Bd4 Qb7 17. c3 Qxd5 18. Qxd5 Nxd5 19. Bxg7 Kxg7 20. Be4 e6 21. Rad1
Rc5 22. Bxd5 exd5 23. Rd3 Re8 24. Rfd1 Re2 25. R3d2 Rxd2 26. Rxd2 Kf6 27. g4 Ke6
28. Kf2 Rc4 29. Kf3 Re4 30. Re2 Rxe2 31. Kxe2 h6 32. Ke3 h5 33. Kd4 f6 34. b3
a5 35. a4 bxa4 36. bxa4 h4 37. Ke3 g5 38. fxg5 fxg5 39. Kd4 Ke7 40. Kxd5 Kd7 41.
c4 Kc7 42. Ke6 Kc6 43. Kf6 Kc5 44. Kxg5 Kxc4 45. Kxh4 d5 46. g5 d4 47. g6 d3 48.
g7 d2 49. g8=Q+ Kc3 50. Qg1 Kc2 51. Kg5 d1=Q 52. Qxd1+ Kxd1 53. h4 Kc2 54. h5
Kb3 55. h6 Kxa4 56. h7 Kb3 57. h8=Q a4 58. Qa1 a3 59. Kf4 a2 60. Ke3 Ka3 61. Kd2
Kb3 62. Kc1 Ka3 63. Qb2+ Ka4 64. Qxa2+ 1-0

[Event "Druzynowe Mistrzostwa Polski Szkol - Licealiada"]
[Site "Szklarska Poreba"]
[Date "1899-12-30"]
[Round "6.6"]
[White "Kawalko, Adam"]
[Black "Kozak, Antoni"]
[Result "0-1"]
[WhiteTitle "I++"]
[BlackTitle "m"]
[WhiteElo "1607"]
[BlackElo "2236"]

1. e4 c6 2. d4 d5 3. Nc3 a6 4. Nf3 Bg4 5. Be2 e6 6. O-O Nf6 7. Bg5 h6 8. Bxf6 Qxf6
9. e5 Qd8 10. h3 Bh5 11. Nd2 Bg6 12. Nb3 Nd7 13. a4 c5 14. Nxc5 Nxc5 15. dxc5
Bxc5 16. Bd3 O-O 17. Qg4 Bxd3 18. cxd3 Qb6 19. Rab1 Bd4 20. a5 Qa7 21. Qf4 f6
22. exf6 Rxf6 23. Qd2 Raf8 24. Nd1 Qb8 25. Ne3 Qf4 26. Rbd1 Qg5 27. Ng4 Rf4 28.
Qe2 h5 29. Ne3 Rxf2 30. Rxf2 Qxe3 31. Qxe3 Bxe3 32. Rdd2 Rf4 33. Rde2 Bxf2+ 34.
Rxf2 Ra4 35. Rc2 Rxa5 36. Rc8+ Kh7 37. Re8 Rb5 38. Rxe6 Rxb2 39. Re5 Rb5 40. Rxh5+
Kg6 41. Rh4 a5 42. Rd4 Kf6 43. Kf2 b6 44. Kf3 Rc5 45. g4 b5 46. Rf4+ Ke6 47. Rf8
b4 48. Ke3 Rb5 49. Kd2 b3 50. Kc1 a4 51. Ra8 b2+ 52. Kb1 Rb4 53. Ra7 g5 54. d4
Kd6 55. Ra6+ Kc7 56. Ra5 Kb6 57. Ra8 Kc7 58. Ra5 Kc6 59. Ra8 Kb5 60. Rc8 a3 61.
Ra8 Ra4 62. Ka2 Rxa8 0-1

[Event "Druzynowe Mistrzostwa Polski Szkol - Licealiada"]
[Site "Szklarska Poreba"]
[Date "1899-12-30"]
[Round "6.7"]
[White "Dzwierzynski, Bartosz"]
[Black "Kawaler, Adam"]
[Result "0-1"]
[WhiteTitle "I"]
[BlackTitle "I"]
[WhiteElo "1906"]
[BlackElo "1675"]

1. d4 d5 2. c4 e6 3. Nc3 Nf6 4. cxd5 exd5 5. Bg5 Bb4 6. f3 h6 7. Bh4 O-O 8. a3
Be7 9. e3 Ne4 10. Bxe7 Nxc3 11. Bxd8 Nxd1 12. Rxd1 Rxd8 13. Bd3 a5 14. Kf2 b6
15. Ne2 Ba6 16. Nc3 a4 17. Rhe1 Nc6 18. Bxa6 Rxa6 19. e4 dxe4 20. d5 Na5 21. Rxe4
b5 22. Nxb5 Rb6 23. Nxc7 Rxb2+ 24. Kg3 Rd6 25. Ne8 Rg6+ 26. Kf4 Rgxg2 27. Rxa4
Nb7 28. Ra8 Kh7 29. Rb8 g5+ 30. Ke5 Rbe2+ 31. Kf6 Rgf2 32. Rd3 Nc5 33. Kxf7 Rxe8
34. Kxe8 Nxd3 35. d6 Nc5 36. d7 Re2+ 37. Kd8 Rd2 38. Ke8 Rxd7 39. Rb5 Rc7 40.
Ra5 Kg6 41. a4 Kf6 0-1

[Event "Druzynowe Mistrzostwa Polski Szkol - Licealiada"]
[Site "Szklarska Poreba"]
[Date "1899-12-30"]
[Round "6.9"]
[White "Koziorowicz, Michal"]
[Black "Kozlak, Mateusz"]
[Result "1-0"]
[WhiteTitle "k"]
[BlackTitle "III"]
[WhiteElo "1997"]
[BlackElo "1025"]

1. e4 e5 2. Bc4 Nf6 3. d3 Nc6 4. Nc3 Bc5 5. f4 d6 6. Nf3 Bg4 7. f5 Nd4 8. Bg5 c6
9. a3 a5 10. Ba2 h6 11. Bh4 b5 12. h3 Bxf3 13. gxf3 g5 14. Bf2 Nh5 15. Nb1 Nf4
16. c3 Nde2 17. d4 Ba7 18. Rh2 b4 19. axb4 axb4 20. dxe5 Bxf2+ 21. Rxf2 Qb6 22.
Rxe2 dxe5 23. Nd2 Qg1+ 24. Nf1 Rd8 25. Bd5 cxd5 26. Qa4+ Ke7 27. Qa7+ Kf6 28.
Qxg1 Nd3+ 29. Kd2 dxe4 30. Ra6+ Kg7 31. Kc2 exf3 32. Qb6 b3+ 33. Kb1 Rhf8 34.
Qxh6+ Kg8 35. f6 1-0

[Event "Druzynowe Mistrzostwa Polski Szkol - Licealiada"]
[Site "Szklarska Poreba"]
[Date "1899-12-30"]
[Round "6.10"]
[White "Fiedorek, Michal"]
[Black "Dzida, Kamil"]
[Result "1/2-1/2"]
[WhiteTitle "FM"]
[BlackTitle "k+"]
[WhiteElo "1787"]
[BlackElo "1884"]

1. e4 e5 2. Nf3 Nc6 3. Bc4 Nf6 4. d3 Bc5 5. c3 d6 6. h3 a6 7. a4 Ba7 8. Nbd2 O-O
9. O-O Ne7 10. d4 Ng6 11. Re1 c6 12. Bb3 Qe7 13. dxe5 dxe5 14. Nc4 Rd8 15. Qc2
Nh5 16. Bg5 Nf6 17. Rad1 Rxd1 18. Rxd1 h6 19. Be3 Bxe3 20. Nxe3 Nf4 21. Nc4 Be6
22. Ncxe5 Bxb3 23. Qxb3 Re8 24. Qc4 Qc7 25. Rd7 Nxd7 26. Qxf7+ Kh7 27. Qxe8 Nf6
28. Qf7 Qb6 29. b4 a5 30. Qc4 axb4 31. cxb4 Qd8 32. Qc2 Qe8 33. Nc4 Kh8 34. e5
N6d5 35. Nd6 Qd7 36. Kh2 Nxg2 37. Qg6 Ngf4 38. Qg3 g5 39. Qg4 Qxg4 40. hxg4 Nxb4
41. Nxb7 Ne6 42. Nd2 Nd3 43. Nc4 Nxf2 44. Kg3 Ne4+ 45. Kf3 N4c5 46. Nxc5 Nxc5
47. Na5 Nxa4 48. Nxc6 Kg7 49. Ke4 Nc3+ 50. Kf5 Nd5 51. Ke4 Nf4 52. Ne7 Kf7 53.
Nf5 Kg6 54. Ne7+ Kf7 55. Nf5 Kg6 1/2-1/2

[Event "Druzynowe Mistrzostwa Polski Szkol - Licealiada"]
[Site "Szklarska Poreba"]
[Date "1899-12-30"]
[Round "6.11"]
[White "Majdanski, Maksymilian"]
[Black "Lewandowski, Wiktor"]
[Result "0-1"]
[WhiteTitle "I"]
[BlackTitle "I"]
[WhiteElo "1778"]
[BlackElo "1617"]

1. Nf3 c5 2. g3 Nc6 3. Bg2 e5 4. d3 g6 5. e4 Bg7 6. O-O Nge7 7. c3 O-O 8. Be3 d6
9. Na3 h6 10. d4 cxd4 11. cxd4 d5 12. Nxe5 Nxe5 13. dxe5 dxe4 14. Bxe4 Bxe5 15.
Nc4 Bg7 16. Qb3 Nf5 17. Rfd1 Qe7 18. Bxf5 Bxf5 19. Nd6 Be6 20. Qa3 Rfd8 21. Bc5
b6 22. Ne4 Qb7 23. Rxd8+ Rxd8 24. Nd6 Qd5 25. Bb4 a5 26. Nb7 Qxb7 27. Bc3 Bh3
0-1

[Event "Druzynowe Mistrzostwa Polski Szkol - Licealiada"]
[Site "Szklarska Poreba"]
[Date "1899-12-30"]
[Round "6.13"]
[White "Stolarski, Cyprian"]
[Black "Nocon, Kacper"]
[Result "1/2-1/2"]
[WhiteTitle "III"]
[BlackTitle "II"]
[WhiteElo "1486"]
[BlackElo "1266"]

1. e4 e6 2. d4 d5 3. e5 c5 4. c3 Nc6 5. Bb5 Bd7 6. Nf3 a6 7. Bxc6 bxc6 8. Be3 cxd4
9. cxd4 Qb6 10. Qb3 Qxb3 11. axb3 Ne7 12. O-O Nf5 13. Bd2 c5 14. dxc5 Bxc5 15.
b4 Bb6 16. g4 Ne7 17. Bg5 h6 18. Bxe7 Kxe7 19. Rc1 Rhc8 20. Rxc8 Rxc8 21. Rxa6
Rc1+ 22. Kg2 Bd8 23. Nbd2 Rc2 24. b3 f6 25. Ra7 Rc7 26. Rxc7 Bxc7 27. exf6+ gxf6
28. h4 e5 29. g5 hxg5 30. hxg5 e4 31. gxf6+ Kxf6 32. Ne1 Bd6 33. Nc2 Ke5 34. f3
Bb5 35. fxe4 dxe4 36. Nc4+ 1/2-1/2

[Event "Druzynowe Mistrzostwa Polski Szkol - Licealiada"]
[Site "Szklarska Poreba"]
[Date "1899-12-30"]
[Round "6.14"]
[White "Nocon, Jakub"]
[Black "Lesniak, Kacper"]
[Result "0-1"]
[WhiteTitle "II"]
[BlackTitle "II"]
[WhiteElo "1265"]
[BlackElo "1530"]

1. c4 e6 2. Nf3 d5 3. g3 Nf6 4. Bg2 c6 5. d4 Be7 6. Nc3 Nbd7 7. Qc2 dxc4 8. a4
Nd5 9. e4 Nxc3 10. bxc3 b5 11. O-O O-O 12. Be3 Nb6 13. axb5 cxb5 14. Rad1 Bb7
15. Rfe1 Qc7 16. Kh1 f5 17. Bf4 Bd6 18. Ng5 Rfe8 19. Bxd6 Qxd6 20. exf5 Bxg2+
21. Kxg2 Qd5+ 22. Kg1 exf5 23. Ne6 Rxe6 0-1

[Event "Druzynowe Mistrzostwa Polski Szkol - Licealiada"]
[Site "Szklarska Poreba"]
[Date "1899-12-30"]
[Round "6.15"]
[White "Zielaskowski, Damian"]
[Black "Truty, Dominik"]
[Result "1/2-1/2"]
[WhiteTitle "II"]
[BlackTitle "III"]
[WhiteElo "1255"]
[BlackElo "1177"]

1. e4 d6 2. d4 Nf6 3. Nc3 g6 4. Bg5 Bg7 5. Be2 O-O 6. Qd2 c5 7. d5 a6 8. a4 a5
9. Bh6 b6 10. h4 Ba6 11. h5 Bxe2 12. hxg6 Bh5 13. gxh7+ Kxh7 14. Bxg7 Kxg7 15.
Qg5+ Kh7 16. Rxh5+ Nxh5 17. Qxh5+ Kg7 18. Qg5+ Kh7 19. Qh5+ Kg7 20. Qg5+ Kh7 21.
Qh5+ 1/2-1/2

[Event "Druzynowe Mistrzostwa Polski Szkol - Licealiada"]
[Site "Szklarska Poreba"]
[Date "1899-12-30"]
[Round "7.1"]
[White "Nocon, Kacper"]
[Black "Skowron, Mateusz"]
[Result "0-1"]
[WhiteTitle "II"]
[BlackTitle "I"]
[WhiteElo "1266"]
[BlackElo "1555"]

1. d4 d5 2. c4 c6 3. Nc3 Nf6 4. e3 a6 5. Nf3 b5 6. cxd5 cxd5 7. a3 Bg4 8. h3 Bh5
9. Be2 e6 10. O-O Bd6 11. Ne5 Bxe2 12. Qxe2 Bxe5 13. dxe5 Nfd7 14. Qg4 O-O 15.
Qg3 Nc6 16. f4 f6 17. exf6 Rxf6 18. b4 Rg6 19. Qf3 Nb6 20. f5 Rf6 21. e4 dxe4
22. Nxe4 Rxf5 23. Qg4 Qd4+ 24. Be3 Qxe3+ 25. Nf2 Raf8 26. Rae1 Qd4 27. Qe2 e5
28. g4 Rf3 29. Kg2 Nc4 30. Qd1 0-1

[Event "Druzynowe Mistrzostwa Polski Szkol - Licealiada"]
[Site "Szklarska Poreba"]
[Date "1899-12-30"]
[Round "7.2"]
[White "Kukula, Karol"]
[Black "Nocon, Jakub"]
[Result "1-0"]
[WhiteTitle "I"]
[BlackTitle "II"]
[WhiteElo "1705"]
[BlackElo "1265"]

1. e4 c5 2. Nf3 Nc6 3. Bb5 g6 4. O-O Bg7 5. c3 e5 6. Bxc6 dxc6 7. d3 Qd6 8. Be3
Nf6 9. Na3 Be6 10. Qc2 b6 11. Ng5 Bd7 12. Nc4 Qe7 13. f4 h6 14. Nxf7 Kxf7 15.
fxe5 Kg8 16. exf6 Bxf6 17. Qd2 Bg7 18. Bf4 Kh7 19. Bg3 Rad8 20. Qf4 Be6 21. Qe3
Bxc4 22. dxc4 Rhe8 23. Rae1 a6 24. e5 Qe6 25. b3 Bf8 26. Qf3 Be7 27. Qf7+ Qxf7
28. Rxf7+ Kg8 29. e6 Bg5 30. Bf4 Bxf4 31. Rxf4 Re7 32. Rfe4 Rf8 33. a4 Kg7 34.
a5 b5 35. cxb5 cxb5 36. Re5 Rf5 37. Rxf5 gxf5 38. Re5 Kf6 39. Rxc5 Rxe6 40. Kf2
Kg5 41. Rc8 Kf4 42. c4 Ke4 43. cxb5 axb5 44. Rb8 Re5 45. a6 Rd5 46. Re8+ Kf4 47.
g3+ Kg5 48. a7 Rd2+ 49. Ke3 Ra2 50. a8=Q 1-0

[Event "Druzynowe Mistrzostwa Polski Szkol - Licealiada"]
[Site "Szklarska Poreba"]
[Date "1899-12-30"]
[Round "7.3"]
[White "Truty, Dominik"]
[Black "Szeliga, Sebastian"]
[Result "0-1"]
[WhiteTitle "III"]
[BlackTitle "I"]
[WhiteElo "1177"]
[BlackElo "1404"]

1. c4 Nf6 2. Nc3 e6 3. g3 Bb4 4. Bg2 O-O 5. e3 Bxc3 6. bxc3 d5 7. cxd5 exd5 8.
Ne2 Bf5 9. d4 Ne4 10. O-O Nd7 11. f3 Nef6 12. Nf4 Re8 13. g4 Bg6 14. h4 h6 15.
g5 Nh5 16. Nxg6 fxg6 17. f4 Nb6 18. Qd3 Ng3 19. gxh6 Nxf1 20. Qxg6 Qf6 21. Qxf6
gxf6 22. Bxf1 Kh7 23. f5 Re4 24. Be2 Rxh4 25. Kf2 Rxh6 0-1

[Event "Druzynowe Mistrzostwa Polski Szkol - Licealiada"]
[Site "Szklarska Poreba"]
[Date "1899-12-30"]
[Round "7.5"]
[White "Kozlak, Mateusz"]
[Black "Stolarski, Cyprian"]
[Result "1-0"]
[WhiteTitle "III"]
[BlackTitle "III"]
[WhiteElo "1025"]
[BlackElo "1486"]

1. e4 Nf6 2. e5 Nd5 3. d4 f6 4. c4 Nb4 5. a3 N4c6 6. Bd3 g6 7. exf6 exf6 8. Nf3
d6 9. h3 Qe7+ 10. Be3 Bh6 11. Qd2 Bxe3 12. Qxe3 O-O 13. Qxe7 Nxe7 14. O-O Bf5
15. Rd1 Nd7 16. Nc3 Bxd3 17. Rxd3 Nb6 18. b3 Rfd8 19. Re1 Kf7 20. Rde3 Re8 21.
Nb5 Nc6 22. Nxc7 Rxe3 23. Rxe3 Rc8 24. Nb5 Rd8 25. d5 a6 26. dxc6 axb5 27. cxb7
bxc4 28. bxc4 Rb8 29. Rc3 Rxb7 30. Rb3 Rb8 31. Nd4 Nd7 32. Rxb8 Nxb8 33. Kf1 d5
34. cxd5 Ke7 35. Nc2 Na6 36. Nb4 Nc7 37. Ke2 Kd6 38. Kd3 Nxd5 39. Nxd5 Kxd5 40.
a4 Kc5 41. Ke4 Kb4 42. Kd5 Kxa4 43. Ke6 f5 44. Kf6 Kb4 45. Kg7 Kc4 46. Kxh7 Kd3
47. Kxg6 Ke2 48. Kxf5 Kxf2 49. g4 1-0

[Event "Druzynowe Mistrzostwa Polski Szkol - Licealiada"]
[Site "Szklarska Poreba"]
[Date "1899-12-30"]
[Round "7.6"]
[White "Lesniak, Kacper"]
[Black "Fiedorek, Michal"]
[Result "0-1"]
[WhiteTitle "II"]
[BlackTitle "FM"]
[WhiteElo "1530"]
[BlackElo "1787"]

1. e4 c5 2. Nf3 d6 3. c3 Nf6 4. Qc2 Nc6 5. d3 g6 6. Bg5 Bg7 7. Bxf6 Bxf6 8. Be2
O-O 9. O-O Rb8 10. Nbd2 b5 11. Rab1 b4 12. c4 a5 13. a3 Qb6 14. axb4 Nxb4 15.
Qd1 Bd7 16. b3 Na2 17. Qc2 Nc3 18. Rfe1 Nxb1 19. Rxb1 Qb4 20. e5 dxe5 21. Ne4
Bg7 22. Nc3 e6 23. h3 Bc6 24. Nd2 Qb7 25. Bf3 Bxf3 26. Nxf3 Rfd8 27. Ne4 Qb6 28.
Qe2 f5 29. Nc3 e4 30. Na4 exd3 31. Qd2 Qc7 32. Qe3 e5 33. Nxc5 f4 34. Qd2 Qxc5
35. Ne1 Qb4 36. Qxb4 Rxb4 0-1

[Event "Druzynowe Mistrzostwa Polski Szkol - Licealiada"]
[Site "Szklarska Poreba"]
[Date "1899-12-30"]
[Round "7.7"]
[White "Lewandowski, Wiktor"]
[Black "Zielaskowski, Damian"]
[Result "1-0"]
[WhiteTitle "I"]
[BlackTitle "II"]
[WhiteElo "1617"]
[BlackElo "1255"]

1. e4 c5 2. Nf3 Nc6 3. d4 cxd4 4. Nxd4 g6 5. g3 Bg7 6. Ne2 d6 7. Bg2 Qb6 8. Nbc3
Bg4 9. h3 Be6 10. O-O Nf6 11. Rb1 O-O 12. Be3 Qc7 13. Kh2 a6 14. a4 Ne5 15. Nd5
Bxd5 16. exd5 Rac8 17. Rc1 Qa5 18. b3 h5 19. c4 Qd8 20. Nd4 Qd7 21. Kg1 Qd8 22.
f4 Ned7 23. b4 a5 24. Qb3 axb4 25. Qxb4 Nc5 26. Rfd1 Nfe4 27. Ne2 h4 1-0

[Event "Druzynowe Mistrzostwa Polski Szkol - Licealiada"]
[Site "Szklarska Poreba"]
[Date "1899-12-30"]
[Round "7.8"]
[White "Lesniak, Angelika"]
[Black "Lascar, Maria Elena"]
[Result "0-1"]
[WhiteTitle "I"]
[BlackTitle "I+"]
[WhiteElo "1416"]
[BlackElo "1478"]

1. c4 e5 2. Nc3 Nf6 3. d3 b6 4. Nf3 d6 5. g3 Bb7 6. Bg2 Be7 7. O-O O-O 8. a3 Nbd7
9. Nd2 Bxg2 10. Kxg2 c6 11. Nde4 d5 12. cxd5 cxd5 13. Nxf6+ Nxf6 14. Bg5 d4 15.
Bxf6 Bxf6 16. Ne4 Be7 17. Rc1 f5 18. Nd2 Qd5+ 19. Kg1 Bg5 20. Rc2 e4 21. dxe4
fxe4 22. b4 e3 23. f3 exd2 24. f4 Bf6 25. Qxd2 Rfe8 26. Rf3 Rad8 27. Rd3 Rc8 28.
Qc1 Rxc2 29. Qxc2 Qe4 30. Qc4+ Kh8 31. Qc2 Qxe2 32. Rd2 Qe3+ 33. Kf1 Qf3+ 34.
Kg1 Re1# 0-1

[Event "Druzynowe Mistrzostwa Polski Szkol - Licealiada"]
[Site "Szklarska Poreba"]
[Date "1899-12-30"]
[Round "7.9"]
[White "Wilgosz, Jan"]
[Black "Koziorowicz, Michal"]
[Result "0-1"]
[WhiteTitle "II+"]
[BlackTitle "k"]
[WhiteElo "1328"]
[BlackElo "1997"]

1. e4 c5 2. Nc3 g6 3. f4 Bg7 4. Nf3 Nc6 5. Bb5 Nd4 6. O-O Nxb5 7. Nxb5 d6 8. d3
a6 9. Nc3 e6 10. Qe1 Ne7 11. a4 O-O 12. Qh4 Nc6 13. Qg3 f5 14. e5 dxe5 15. fxe5
Nd4 16. Nxd4 Qxd4+ 17. Be3 Qxe5 18. Qxe5 Bxe5 19. Bxc5 Re8 20. d4 Bc7 21. a5 Bd7
22. b4 Bc6 23. Na4 Bxa4 24. Rxa4 Rad8 25. c4 Kf7 26. Rd1 Bf4 27. b5 Be3+ 28. Kf1
e5 29. Bb6 axb5 30. cxb5 Rd5 31. a6 Rxb5 32. a7 Rxb6 33. a8=Q Rxa8 34. Rxa8 Bxd4
35. Rc8 h6 36. Rc7+ Kf6 37. Rdc1 f4 38. R1c2 h5 39. Rd7 Kg5 40. Rcc7 Rb2 41. g3
f3 42. h4+ Kg4 43. Rc1 Rg2 44. Ke1 Rg1+ 45. Kd2 Rxc1 46. Kxc1 f2 47. Rf7 Kxg3
48. Kd2 Kxh4 49. Ke2 b6 50. Rf6 g5 51. Rf3 g4 52. Rb3 Bc5 53. Kf1 e4 54. Ke2 g3
55. Rb1 g2 0-1

[Event "Druzynowe Mistrzostwa Polski Szkol - Licealiada"]
[Site "Szklarska Poreba"]
[Date "1899-12-30"]
[Round "7.10"]
[White "Dzida, Kamil"]
[Black "Kawalko, Adam"]
[Result "1-0"]
[WhiteTitle "k+"]
[BlackTitle "I++"]
[WhiteElo "1884"]
[BlackElo "1607"]

1. e4 c5 2. Nf3 d6 3. d4 cxd4 4. Nxd4 Nf6 5. Nc3 a6 6. Nb3 e5 7. Bg5 Be7 8. Nd2
O-O 9. Nc4 Be6 10. Bxf6 Bxf6 11. Qxd6 Qxd6 12. Nxd6 b5 13. a4 Rd8 14. Nb7 Rd4
15. axb5 Nd7 16. bxa6 Bg5 17. Bd3 Bc4 18. Bxc4 Bd2+ 19. Ke2 Bxc3 20. Bd3 Bxb2
21. Ra2 Bc3 22. Rb1 g6 23. Rb3 Bb4 24. c3 Rxd3 25. Kxd3 Bc5 26. Nxc5 Nxc5+ 27.
Kc4 Nxb3 28. Kxb3 Kf8 29. Kb4 Ke7 30. Kb5 Kd6 31. a7 Kc7 32. Ka6 Rd8 33. Rb2 Rd6+
34. Ka5 Rd8 35. c4 f5 36. f3 Ra8 37. Ka6 Rd8 38. Rb7+ Kc6 39. Rb8 Rd1 40. a8=Q+
1-0

[Event "Druzynowe Mistrzostwa Polski Szkol - Licealiada"]
[Site "Szklarska Poreba"]
[Date "1899-12-30"]
[Round "7.11"]
[White "Kawaler, Adam"]
[Black "Majdanski, Maksymilian"]
[Result "1-0"]
[WhiteTitle "I"]
[BlackTitle "I"]
[WhiteElo "1675"]
[BlackElo "1778"]

1. c4 c6 2. e4 d5 3. exd5 cxd5 4. cxd5 Nf6 5. Qa4+ Bd7 6. Qb3 Na6 7. Bxa6 bxa6
8. Nc3 Rb8 9. Qc2 Qa5 10. Nf3 Nxd5 11. O-O e6 12. Ne5 Bd6 13. Nxd7 Kxd7 14. d4
Rhc8 15. Bd2 Nxc3 16. bxc3 Rc4 17. Qxh7 Rcc8 18. Qe4 Rh8 19. Bf4 f5 20. Qf3 Bxf4
21. Qxf4 g5 22. Qxg5 Rbg8 23. Qe3 Qd5 24. f3 Rh7 25. Qe5 Qc6 26. Rad1 Rhg7 27.
d5 Rxg2+ 28. Kh1 Qc7 29. dxe6+ Kc8 30. Qxc7+ Kxc7 31. Rg1 R2g7 32. Rxg7+ Rxg7
33. Rd7+ Rxd7 34. exd7 Kxd7 35. Kg2 Ke6 36. Kg3 a5 37. Kf4 a4 38. h4 Kd5 39. Ke4+
1-0

[Event "Druzynowe Mistrzostwa Polski Szkol - Licealiada"]
[Site "Szklarska Poreba"]
[Date "1899-12-30"]
[Round "7.13"]
[White "Bartlomowicz, Jakub"]
[Black "Kozak, Antoni"]
[Result "0-1"]
[WhiteTitle "I"]
[BlackTitle "m"]
[WhiteElo "1439"]
[BlackElo "2236"]

1. e4 c6 2. d4 d5 3. e5 Bf5 4. Nf3 e6 5. Be2 Nd7 6. O-O Ne7 7. Nbd2 h6 8. Nb3 g5
9. Be3 Ng6 10. Bd3 Bxd3 11. Qxd3 Be7 12. Qe2 h5 13. Nfd2 Nh4 14. f3 Qc7 15. c4
dxc4 16. Nxc4 Nf5 17. Bf2 Nb6 18. Nxb6 axb6 19. Nd2 O-O-O 20. Qe4 Nxd4 21. Bxd4
Rxd4 22. Qxd4 Bc5 23. Qxc5 bxc5 24. Nc4 Kb8 25. Rad1 Rd8 26. Rxd8+ Qxd8 27. Nd6
f6 28. Nf7 Qd4+ 29. Rf2 Kc7 30. h3 h4 31. Kf1 Qd1# 0-1

[Event "Druzynowe Mistrzostwa Polski Szkol - Licealiada"]
[Site "Szklarska Poreba"]
[Date "1899-12-30"]
[Round "7.16"]
[White "Mytych, Wiktoria"]
[Black "Wasala, Wiktoria"]
[Result "0-1"]
[WhiteTitle "I"]
[BlackTitle "I"]
[WhiteElo "1371"]
[BlackElo "1315"]

1. e4 Nf6 2. Nc3 d5 3. exd5 Nxd5 4. Nxd5 Qxd5 5. Nf3 Bg4 6. Be2 Nc6 7. h3 Bh5 8.
d3 e6 9. Bf4 Bd6 10. Bxd6 cxd6 11. O-O O-O 12. c3 Qf5 13. Nh2 Bxe2 14. Qxe2 Ne5
15. d4 Ng6 16. Qf3 Qg5 17. Rab1 Nf4 18. Qg4 Qxg4 19. Nxg4 f5 20. Ne3 Rf6 21. Kh2
Raf8 22. g3 Ng6 23. f4 e5 24. dxe5 dxe5 25. fxe5 Nxe5 26. Nd5 Rh6 27. Kg2 Nc6
28. Rbe1 Rd6 29. Rd1 Re6 30. Nf4 Ref6 31. Rd7 R6f7 32. Rfd1 Rxd7 33. Rxd7 Rf7
34. Rxf7 Kxf7 35. Kf2 g5 36. Nd3 b6 37. Kf3 Ke6 38. b3 Ne5+ 39. Nxe5 Kxe5 40.
c4 h6 41. a3 h5 0-1